Beyond the environmental Kuznets curve : A comparative study of SO2 and CO2 emissions between Japan and China /
Spremljeno u:
| Glavni autor: | |
|---|---|
| Daljnji autori: | , |
| Format: | Članak |
| Jezik: | English |
| Teme: | |
| Oznake: |
Dodaj oznaku
Bez oznaka, Budi prvi tko označuje ovaj zapis!
|
| Thư viện lưu trữ: | Thư viện Trường Đại học Đà Lạt |
|---|
| LEADER | 00937nam a2200301 4500 | ||
|---|---|---|---|
| 001 | DLU090069209 | ||
| 005 | ##20090511 | ||
| 040 | # | # | |a DLU |b eng |
| 041 | # | # | |a eng |
| 044 | # | # | |a UK |
| 100 | # | # | |a Yaguchi, Yue. |
| 245 | # | # | |a Beyond the environmental Kuznets curve : A comparative study of SO2 and CO2 emissions between Japan and China / |c Yue Yaguchi, Tetsushi Sonobe, Keijiro Otsuka. |
| 653 | # | # | |a CO2 |
| 653 | # | # | |a Emission factor |
| 653 | # | # | |a Energy consumption |
| 653 | # | # | |a SO2 |
| 700 | # | # | |a Otsuka, Keijiro. |
| 700 | # | # | |a Sonobe, Tetsushi. |
| 773 | # | # | |t Environment and Development Economics |g Vol. 12, no. 3 (June 2007), p. 445-470 |
| 920 | # | # | |a Phòng Tạp chí -- Trung tâm Thông tin - Thư viện Trường Đại học Đà Lạt |
| 994 | # | # | |a DLU |
| 900 | # | # | |a True |
| 911 | # | # | |a Trương Bảo Trâm Anh |
| 925 | # | # | |a G |
| 926 | # | # | |a A |
| 927 | # | # | |a BB |
| 980 | # | # | |a Thư viện Trường Đại học Đà Lạt |